000 00585nam a2200181Ia 4500
003 GCL
008 140319s9999 xx 000 0 ara d
040 _aGCL /
_cGCL
082 0 4 _a212
_bى د
100 1 _aيوسف بن اسماعيل التهامى
245 1 0 _aدليل التجار الى اخلاق الاخيار /
_cيوسف بن اسماعيل التهامى
260 _a[S.N] :
_bمكتبة التراث الاسلامى
490 _a
650 0 4 _aالاسلام
650 0 4 _aالاخلاق الاسلامية
650 0 4 _aاخلاق المهن
942 _2ddc
_cBK
999 _c53088
_d53088